| 000 | 00764nam a2200253Ia 4500 | ||
|---|---|---|---|
| 003 | OSt | ||
| 005 | 20220928104815.0 | ||
| 006 | a|||||r|||| 00| 0 | ||
| 007 | ta | ||
| 008 | 220927b |||||||| |||| 00| 0 eng d | ||
| 020 |
_a9781138331020 _cUKP 36.99 |
||
| 024 | _a146380 | ||
| 037 |
_b34, 21/12/2021, Shivam Book Service _cTextual |
||
| 040 |
_aSDCL _cSDCL _beng |
||
| 041 |
_2eng _aeng |
||
| 082 | _aS:4, R1 | ||
| 100 |
_aVernon David _9412217 |
||
| 245 | 0 |
_aDark cognition _b Evidence for psi and its implication for consciousness |
|
| 260 |
_aLondon _bRoutledge _c2021 |
||
| 300 |
_a307p. _ccm. |
||
| 650 | _aPsychology | ||
| 942 |
_hS:4, R1 _cTEXL _2CC |
||
| 999 |
_c727934 _d727934 |
||